[Event "GMA"]
[Site "Wijk aan Zee NED"]
[Date "2004.01.10"]
[Round "1"]
[White "Akopian,Vl"]
[Black "Kramnik,V"]
[Result "1-0"]
[WhiteElo "2693"]
[BlackElo "2777"]
[EventDate "2004.01.10"]
[Annotator "Henderson"]

1 e4 c5 2 Nf3 d6 3 d4 cxd4 4 Nxd4 Nf6 5 Nc3 a6 
{Akopian explained that the last time he played a main line Najdorf was against Nigel Short at the Lucerne FIDE World Championship 1997. Normally he would play something like a Moscow Variation with Bb5+ or even a Kopec System with 3 c3 followed by Bd3. However, he suspected that this is perhaps what Kramnik thought he would play, so instead opted for the main line Najdorf - coincidentally the first time Kramnik has played this as Black.} 
6 Be3 Ng4 
({The Kasparov System; pioneered by the man himself to avoid all the complications of the double-edged Perenyi System with} 6... e6 7 g4 e5 8 Nf5 $5 g6 9 g5) 
7 Bg5 h6 8 Bh4 g5 9 Bg3 Bg7 10 h3 Ne5 11 f3 Nbc6 12 Bf2 Be6 13 Qd2 Nxd4 14 Bxd4 Qa5 15 a3 O-O 16 h4 Ng6 17 hxg5 hxg5 18 b4 Qc7 
19 Ne2 $5 $146 
({Now after some 40 minutes thought, Kramnik opts to prevent the exchange of bishops as this would leave his king in a vulnerable position. 
Up to now the stem game we have been following is Anand-Ponomariov from their Mainz match last year. However Akopian comes up an interesting novelty, aimed at re-routing the knight to d4 from where it can exploit f5.} 19 Bxg7 Kxg7 20 O-O-O Rh8 21 Rxh8 Rxh8 22 Kb2 f6 23 g3 Ne5 24 f4 gxf4 25 gxf4 Nc4+ 26 Bxc4 Qxc4 27 e5 dxe5 28 fxe5 f5 29 Qg2+ Kf7 30 Rd3 Qf4 31 Qxb7 Rh2 32 Qf3 Qxe5 33 Re3 Qd4 34 Re2 Rh8 35 Re4 Qf6 36 Re3 Qd4 37 Qe2 Qc4 38 Qg2 Qd4 39 Qe2 Qc4 40 Qg2 Qd4 {1/2-1/2 Anand,V-Ponomariov,R/Mainz GER 2002/The Week in Chess 406 (40)})
19 ..f6 20 Bb2 $1 Bf7 21 Nd4 d5 22 exd5 Qe5+ 
({Kramnik by now didn't feel very comfortable with his position - and obviously felt his king was more at risk with the alternatives:} 22 ..Qg3+ 23 Kd1 $1 {followed by a Nf5 is good for white.})
( 22 ..Bxd5 23 Bd3 Nf4 24 Bh7+ Kf7 25 g3 Ne6 26 O-O-O $1 Nxd4 27 Qxd4 Rfd8 ( 27 ..Bxf3 $2 28 Qd3 $1) 28 Qg4 $1) 
23 Be2 Qxd5 
({Exchanging queens wasn't any better for Kramnik, as the ending also favoured white:} 23 ..Bxd5 24 O-O-O $1 Qf4 25 Bd3 Qxd2+ 26 Kxd2 $1 Ne5 ( 26 ..Nf4 27 c4 Nxd3 28 Kxd3 Bf7 29 c5 $1) 27 Nf5 Nxd3 28 Kxd3 e6 29 Ne7+ Kf7 30 Nxd5 exd5) 
24 O-O-O Rfc8 $6 
{Akopian felt that this is where Kramnik really lost the thread of the game - much better, he thought, was the natural 24 ..Rfd8 } 
25 Bd3 Ne5 26 Be4 Qa2 27 Nf5 
({The safe option. However, on reflection, Akopian discovered after the game that he could have just taken on b7 having missed a finesse in a tricky position:} 27 Bxb7 Nc4 28 Qc3 Nb6 29 Nc6 ( 29 Bxc8 Na4 $1) 29 ..Rxc6 30 Bxc6 Rc8 31 Qd4 $1)
27 ..Nc4 28 Qc3 Rc7 $4 
({A big blunder from the World Champion. Kramnik told Akopian after the game that he didn't fancy the endgame after the exchange of queens. Akopian believed the ending wasn't all that decisive for white:} 28 ..Qxb2+ 29 Qxb2 Nxb2 30 Kxb2 Rc7 {Instead, Kramnik fails to spot the stunning riposte coming up.} )
29 Rh7 $1 Qxb2+ 
({Take my word for it: there's a forced mate if you take the rook} 29 ..Kxh7 30 Nxe7+ Kh6 31 Rh1+ Bh5 32 g4 Qxb2+ 33 Qxb2 Nxb2 34 Rxh5# )
({ Also no better is} 29 ..Nxb2 30 Rxg7+ Kf8 31 Qxb2 Qxb2+ 32 Kxb2 e6 33 Rxf7+ Kxf7 34 Bxb7 {with an easily won ending.})
30 Qxb2 Nxb2 31 Rxg7+ Kf8 32 Rh1 $1 
{Much stronger than "simply" going material ahead after Kxb2} 
1-0

[Event "GMA"]
[Site "Wijk aan Zee NED"]
[Date "2004.01.11"]
[Round "2"]
[White "Anand,V"]
[Black "Akopian,Vl"]
[Result "1-0"]
[WhiteElo "2766"]
[BlackElo "2693"]
[EventDate "2004.01.10"]
[Annotator "Henderson - Anand"]

1 e4 c5 2 Nf3 d6 
{I also checked his Caro-Kann and French Defence, he's only played this twice before.} 
3 d4 cxd4 4 Nxd4 Nf6 5 Nc3 a6 6 Be3 Nc6 
{This is a smart move order: 6 ..e6 gives me the extra option of 7 g4} 
7 f3 e6 8 g4 Be7 9 Qd2 O-O 10 O-O-O Nxd4 11 Bxd4 b5 12 g5 Nd7 13 h4 Qc7 
({This came as a surprise - but it does have a good pedigree e.g. Adams-Kramnik, Leko-Kasparov. I was more expecting} 13 ..b4 {with a brilliant win by black in Ponomariov-Akopian} 14 Ne2 a5 15 Ng3 Ne5 16 Qf2 Qc7 17 f4 Ng4 18 Qf3 e5 19 Nf5 exd4 20 Qxg4 b3 21 axb3 a4 22 Bd3 d5 23 g6 Bxf5 24 exf5 axb3 25 f6 hxg6 26 fxe7 Qxe7 27 Qh3 Qb4 28 Kb1 Qa5 29 cxb3 Rfc8 30 Qxc8+ Rxc8 31 h5 Ra8 32 Kc2 Rc8+ 33 Kb1 Ra8 34 Kc2 gxh5 35 Rxh5 g6 36 Rhh1 Qc7+ 37 Kb1 Qxf4 38 Rh3 Re8 39 b4 Re3 40 Rhh1 Qf3 41 Rhf1 Qh3 42 Rh1 Qg2 43 Rhg1 Qh2 44 Rh1 Qg3 45 Rhg1 Qd6 46 b5 Qb4 47 Rg4 Re1 48 Rxe1 Qxe1+ 49 Kc2 Qb4 50 Rg3 Qa4+ 51 Kc1 Qb3 52 Rf3 f5 53 Be2 Qb4 54 Kc2 Kg7 55 Rb3 Qc5+ 56 Kd2 Qb6 57 Ra3 Kh6 58 Ra6 Qc5 59 Bd3 Kg5 60 Ra1 Kf4 61 Rg1 Qb4+ 62 Kc2 Qa4+ 63 Kd2 Qb3 64 Rxg6 Qxb2+ 65 Kd1 Ke3 66 Rg3+ Kf2 67 Rh3 Qb3+ 68 Kd2 Qc3+ 69 Kd1 Qa1+ 70 Kd2 Qe1+ 71 Kc2 Kg2 {0-1 Ponomariov,R-Akopian,V/Bled 2002/EXT 2003} )
14 Kb1 b4 15 Na4 Bb7 16 Qxb4 
{Quite risky, but worth a try to surprise him because he doesn't play these positions too often. }
16 ..Bc6 17 Nc3 Rfb8 (17 ..Ne5 $6 18 Qb6 $1) 18 Qc4 Ne5 19 Qe2 Qa5 
{I was surprised he played this as it's a bit slow; I expected Bb5.} 
20 f4 
{I have to check whether this is the best move in the position; however it looked right.}
20 ..Ng6 
({It came as a shock to me that this was possible - it just doesn't look as if it should work, but it does. I was concentrating on something like:} 20 ..Bb5 21 Qe1 $1 ( 21 Nxb5 axb5 22 fxe5 dxe5 23 Bxe5 Qxa2+ 24 Kc1 Qa1+ 25 Kd2 Rd8+ 26 Ke1 Bb4+ 27 c3 Rxd1+ 28 Qxd1 Qxb2) 21 ..Nf3 ( 21 ..Bxf1 22 fxe5 -- 23 Nd5) 22 Qf2 Nxd4 23 Qxd4 {and with Rh3 coming black has no attack at all} )
21 Qf3 
({The alternative just seems to lead to a forced draw:} 21 f5 e5 22 fxg6 exd4 23 Nd5 Bxd5 24 exd5 Rxb2+ 25 Kxb2 Rb8+ 26 Kc1 Qa3 $10) 
21 ..e5 
{I was beginning to realise that I had missed something.} 
22 Bf2 
({Forced, because now there is no Qa3:} 22 fxe5 dxe5 23 Bf2 Rxb2+ 24 Kxb2 Qa3+ 25 Ka1 Bxe4 $1 26 Qh3 Bxh1 $19) 
22 ..Qb4 23 b3 Nxf4 
{Here he offered me a draw. OK, I declined it because black had about 25 minutes left and I felt I should try and press at least a bit more. The other thing was that with his draw offer I could now safely predict black's response to Be1 (Qc5 with idea of repetition after Bf2 Qb4). }
24 Be1 Qc5 
(24 ..a5 $6 25 Nd5 Qb7 26 Bc4 {followed by Rh2 and white is very safe.} )
25 Bg3 a5 26 Bxf4 exf4 27 Nd5 
({The alternative was:} 27 Rh3 a4 28 Qxf4 {and now maybe 28 ..g6} )
27 ..Bd8 
{Strange, but I totally missed that the bishop could go in the other direction!}
28 Qxf4 a4 29 Rh2 Bxd5 30 exd5 
({Not a positional concession (closing c4-f7 for the bishop) because the white bishop has at d3 also a good square:} 30 Rxd5 $2 Qc3 $1 31 Rd3 {And it's something of an optical illusion: this rook doesn't protect b3} 31 ..axb3 32 cxb3 ( 32 Rxc3 bxa2+ 33 Ka1 Rb1#) 32 ..Rxb3+ 33 axb3 Ra1#) 
30 ..Ba5 
{with the idea Bc3} 
31 Qd4 Qa3 $6 
{Better is 31 ..Qc7 32 Rh3 and black should be able to defend} 
32 h5 $1 
{Now white has time for this.} 
32 ..Bb6 33 Qc3 
(33 Qb2 Qxb2+ 34 Kxb2 Be3 $10 {with idea Bishop to e5 and black is solid.} )
33 ..Ba5 34 Qd4 
(34 Qb2 $2 Qxb2+ 35 Kxb2 a3+ 36 Kb1 Re8 $10)
34 ..Bb6 35 Qd3 Re8 36 g6 fxg6 37 hxg6 h6 $2 
({Yes, now black is lost:} 37 ..Bd8 $1 {and white has to look for a draw!} 38 Rf2 Bf6 39 Rxf6 axb3 $1 40 Qxb3 Reb8 41 Bb5 $44)
38 Bh3 Bd8 39 Be6+ Rxe6 40 dxe6 Bf6 41 c3 axb3 42 Qc4 $1 
42 ..Qa5 
({The most unpleasant move for white, he can still easily lose! Among other things, black has a nasty check on f5} 42 ..bxa2+ 43 Rxa2 Qxa2+ 44 Qxa2 Rxa2 45 Kxa2 Kf8 46 Rxd6 Ke7 47 Rc6 h5 48 c4 h4 49 Rc5 $1 Kxe6 50 Rh5 {and the win is simple with Kb3-a4-b5 etc.}) 
(42 ..Rb8 43 e7+ Kh8 44 Rb2 bxa2+ 45 Qxa2 {and everything is covered.}) 
43 e7+ (43 Qxb3 $2 Qf5+ 44 -- Qxg6)
43 ..Kh8 44 Re1 Be5 
({The alternatives fair no better - but perhaps more entertaining for the gallery:} 44 ..Qf5+ 45 Qe4 bxa2+ 46 Rxa2 $18 )
(44 ..Bxe7 45 Rxe7 Qf5+ 46 Qe4 bxa2+ (46 ..Qf1+ 47 Kb2 Rxa2+ 48 Kxb3 {with no checks left to somehow salvage a draw.}) 47 Ka1 Qf1+ 48 Qe1 $18)
( 44 ..Re8 45 axb3 {threatening Ra2} (45 Qc6 $2 Qf5+) 45 ..Bxc3 46 Qf7 Qa1+ 47 Kc2 Qb2+ 48 Kd3 $18) 
45 Qc6 
({Another win but less elegant is:} 45 Qxb3 $18) 
1-0

[Event "GMA"]
[Site "Wijk aan Zee NED"]
[Date "2004.01.13"]
[Round "3"]
[White "Svidler,P"]
[Black "Bareev,E"]
[Result "1-0"]
[WhiteElo "2747"]
[BlackElo "2714"]
[EventDate "2004.01.10"]
[Annotator "Henderson"]

1 e4 e6 2 d4 d5 3 Nc3 dxe4 4 Nxe4 Nd7 5 Nf3 Ngf6 6 Bd3 c5 7 O-O Nxe4 8 Bxe4 Nf6 9 Bg5 cxd4 10 Nxd4 h6 $2 
({A finger slip from Bareev. Either Be7 or Bc5 followed by h6 is the way to play this line. Sadly, the rest is hopeless for black - and is also well-known} 
10 ..Bc5 $1 11 c3 h6 12 Bxf6 Qxf6 13 Qa4+ Bd7 14 Qc4 Bxd4 15 cxd4 Rc8 16 Qb4 Bc6 17 Bxc6+ bxc6 18 Qb7 O-O 19 Qxa7 Rfd8 20 Rfd1 c5 21 dxc5 Qxb2 22 h3 {1/2-1/2 Svidler,P-Izoria,Z/Bled 2002/EXT 2003.}) 
11 Bxf6 Qxf6 12 Qd3 a6 13 Rad1 Be7 
(13 ..Bc5 14 Nb3 Ba7 15 Na5 $1) 
14 Nc6 $1 
{Splat!} 
14 ..e5 
(14 ..O-O 15 Nxe7+ Qxe7 16 Qd6 Qxd6 17 Rxd6 Re8 18 f4 Kf8 19 Rfd1 Ke7 20 Bxb7 Rb8 21 Bc6 Rf8 22 b3 Rb6 23 c4 Kf6 24 R1d4 Ke7 25 c5 Rb8 26 b4 g5 27 fxg5 hxg5 28 Bd7 a5 29 b5 Rd8 30 Bc6 Rxd6 31 Rxd6 e5 32 b6 Be6 33 Bd5 Bxd5 34 Rxd5 Ke6 35 Rd6+ Ke7 36 Rc6 Rb7 37 Kf2 f5 38 Rg6 Rb8 39 Rxg5 Ke6 40 Rg7 Kd5 41 Rc7 e4 42 b7 {1-0 Ciganikova,A-Rakay,K/Slovakia 1999/EXT 2000 (42)}) 
15 Nxe7 
(15 Qc3 O-O 16 Nxe5 Bd6 17 f4)
 15 ..Qxe7 16 f4 exf4 $4 
({This does have the benefit of losing quickly as opposed to struggling on defending a worse position into an ending!} 16 ..O-O {the only move to survive, if you can call it that at this level.}
 17 Qe3 $1 Bg4 
(17 ..exf4 $4 18 Bh7+ $1) 
18 Rd2 Rad8 19 Rxd8 Rxd8 20 fxe5 $18
{and white will win the ensuing ending} )
17 Bxb7 $1 
1-0

[Event "GMA"]
[Site "Wijk aan Zee NED"]
[Date "2004.01.13"]
[Round "3"]
[White "Akopian,Vl"]
[Black "Timman,J"]
[Result "1/2-1/2"]
[WhiteElo "2693"]
[BlackElo "2578"]
[EventDate "2004.01.10"]
[Annotator "Henderson"]

1 e4 d6 2 d4 Nf6 3 Nc3 g6 4 Nf3 Bg7 5 Be2 O-O 6 O-O Bg4 7 Ng5 Bxe2 8 Qxe2 Nc6 9 Rd1 e5 
{Risky, but didn't see anything better - but obviously I could not calculate everything at this point. }
10 dxe5 Nxe5 11 f4 Ned7 
(11 ..Nc6 $6 12 e5 Nd7 13 e6 Nd4 14 exf7+ Kh8 15 Qf2 $16) 
12 e5 dxe5 13 fxe5 Re8 14 Bf4 $5 
(14 Nxf7 {This is the normal move, but the game continuation is much more interesting to try for the win} 14 ..Qe7 15 Nh6+ (15 exf6 Qxe2 16 Nxe2 Nxf6 17 Nh6+ Bxh6 18 Bxh6 Rxe2) 15 ..Bxh6 16 Bxh6 Nxe5 $10) 
14 ..Nh5 15 Qg4 
(15 Nxf7 Nxf4 $1 (15 ..Kxf7 $2 16 Qc4+ Re6 17 Rf1 Qe8 18 Ne4 Kg8 19 Ng5 Nf8 20 Be3 {with a big threat looming of Rxf8} )( 15 ..Qe7 16 Nh6+ Kh8 17 Bg5) 16 Qc4 Qe7 $10)
15 ..f5 $1 
({Much better than the alternative} 15 ..Nxf4 $5 16 Qxf4 ( 16 Rxd7 h5) 16 ..Qe7 17 Nd5 Qc5+ 18 Kh1 Nxe5 19 Ne4 Qxc2 20 Nef6+ Bxf6 21 Nxf6+ Kg7 22 Nxe8+ Rxe8 { Although I have compensation here with the extra pawns and the well-placed Ne5, I still think white has good winning chances} )
16 Qf3 
(16 Qe2 Nxf4 17 Qc4+ Ne6 18 Nxe6 Nxe5 19 Qxc7 $10 ( 19 Qb3 $6 Qe7 20 Nxc7+ Kh8 21 Nxe8 Ng4 $1 {and suddenly white is on the back-foot defending the smothered-mate threat of Qe3+, Nf2+, Nh3+ and Qg1+ ! Akopian had first hoped he could opt for 16 exf6, but in the end careful play gives black the draw:})) (16 exf6 $5 Ndxf6 17 Qf3 ( 17 Qe6+ Rxe6 18 Rxd8+ Re8 $1 19 Rxa8 Rxa8 20 Bxc7 Ne8 21 Ba5 b6 22 Bb4 Bd4+ 23 Kf1 a5 24 Be7 Bxc3 25 bxc3 Rc8 $10)
 17 ..Qc8 ( 17 ..Qe7 $5 18 Nd5 Qc5+ 19 Be3 Qc6 $10) 18 Nd5 (18 Nb5 $5) 18 ..h6 19 Qb3 Nxd5 20 Rxd5 Kh8 21 Nf7+ Kh7 22 Rxh5 gxh5 23 Qd3+ Kg8 24 Qg6 Qe6 $1 $10)
16 ..Nxe5 17 Qxb7 Qe7 18 Nd5 Qf8 
(18 ..Qc5+ $2 19 Be3 Qxc2 20 Rac1)
19 Bxe5 Bxe5 $1 
(19 ..Qc5+ $2 20 Kh1 Bxe5 21 Qb3 $1 {and suddenly black is in deep trouble:} 21 ..Kg7 (21 ..Kh8 22 Nf7+ Kg7 23 Nxe5 Rxe5 24 c4 $1 {with the idea of Qc3 followed by b4}) 22 Nb6 $1 axb6 23 Rd7+ $18)
20 Qc6 Qd6 21 Qxd6 
(21 Qc4 Kg7 22 Nxc7 Bxh2+ 23 Kh1 Qxc7 24 Qxc7+ Bxc7 25 Rd7+ Kg8 26 Rxc7 Rac8 $10)
21 ..Bxd6 22 Re1 c6 23 Nc3 Be5 24 Rad1 Nf6 25 Na4 Bd4+ 26 Kf1 
26 ..Be3 
({Perhaps here was the last chance with } 26 ..Rxe1+ $5 27 Kxe1 (27 Rxe1 Ng4 $1) 27 ..Be3 28 Nf3 Ng4 29 h3 Bf2+ 30 Ke2 Re8+ 31 Kd3 {I have something - but not enough, I feel} )
27 Nf3 Nd5 28 c4 
(28 Rd3 Bf4 {with the idea Ne3} )
28 ..Nb6 29 Nxb6 axb6 30 a3 b5 
({I was more worried of:} 30 ..Ra4 {as it gave some practical problems for me in the time trouble:} 31 Rd3 f4 32 Nd2 $1 $10 (32 Rc3 Re4 33 b4 c5) 32 ..Kf7 { Yes, better - but white should hold on.} )
1/2-1/2

[Event "GMA"]
[Site "Wijk aan Zee NED"]
[Date "2004.01.14"]
[Round "4"]
[White "Anand,V"]
[Black "Bologan,V"]
[Result "1/2-1/2"]
[WhiteElo "2766"]
[BlackElo "2679"]
[EventDate "2004.01.10"]
[Annotator "Henderson"]

1. e4 e5 2. Nf3 Nf6 3. Nxe5 d6 4. Nf3 Nxe4 5. d4 d5 6. Bd3 Nc6 7. O-O Be7
8. Re1 Bg4 9. c3 f5 10. Qb3 O-O 11. Nbd2 Na5 12. Qc2 c5 13. Ne5 Bh5 14. f3
cxd4 15. fxe4 fxe4 16. Nxe4 dxe4 17. Bxe4 h6 18. Bd2 
({We were all assembled in the press room at Wijk following the games, and in particular Anand-Bologan, when suddenly our resident expert Herr Fritzy had what can only be described as the silicon equivalent of a multiple orgasm. It reaches the following position and, within a nanosecond of Bologan playing 17 ..h6, it immediately spots 18 b4 winning! Both players are oblivious to this, and after 18 Bd2 there's a forced exchange of pieces and the game soon ends in a tame draw. 
Both players had seen the option of 18 b4, and both players had also missed the key winning move in the variation!}
18 b4 $1 dxc3 (18 ..Rc8 19 bxa5 Rxc3 20 Qb1 Bh4 21 g3) 19 bxa5 Qd4+ 20 Kh1 Qxe5 {and due to the mate on f1, both Anand and Bologan had assumed that the discovered attack on the queen after Bh7+ therefore didn't work. However...} 21 Ba3 $3 ( 21 Bh7+ $4 Kh8 22 Rxe5 Rf1#) 21 ..Kh8 22 Bxb7 Qd4 23 Bxe7 Rf2 24 Qxf2 Qxf2 25 Bxa8 $18 
{It's bad enough both players not spotting the winning move as they had overlooked the key move of Ba3. However, the situation isn't helped by the fact that after the game Bologan admitted to me that it was more embarrassing for him - in his preparation for the game, he actually had 17 ..h6 on his computer and for some reason 18 b4 didn't show up!} )
18.. Bh4 19. Rf1 Bf6 20.
Rae1 Bxe5 21. Bh7+ Kh8 22. Rxf8+ Qxf8 23. Rxe5 Nc4 24. Rxh5 Nxd2 25. Qxd2
dxc3 26. Qxc3 
1/2-1/2

[Event "GMA"]
[Site "Wijk aan Zee NED"]
[Date "2004.01.14"]
[Round "4"]
[White "Timman,J"]
[Black "Van Wely,L"]
[Result "0-1"]
[WhiteElo "2578"]
[BlackElo "2617"]
[EventDate "2004.01.10"]
[Annotator "Henderson"]

1. c4 Nf6 2. Nc3 c5 3. Nf3 d5 4. cxd5 Nxd5 5. g3 Nc6 6. Bg2 Nc7 7. d3 e5 8.
Nd2 Bd7 9. Nc4 b5 10. Ne3 Rb8 11. O-O Bd6 12. a4 a6 13. axb5 axb5 14. f4
exf4 15. gxf4 O-O 16. Ne4 Be7 17. f5 f6 18. Bd2 Nd4 19. Rc1 Na6 20. Rf2 Re8
21. Bc3 Bf8 22. Nd5 Kh8 23. e3 b4 24. Bxd4 cxd4 25. exd4 Rb5 26. Ne3 Qb6
27. Rc4 Nb8 28. Qc1 Ra5 29. Nc5 Qa7 30. Nb3 Ra2 31. Rf1 Bd6 32. Be4 Na6 33.
Nc5 Bb5 34. Ne6 Bxc4 35. Nxc4 Bb8 36. Kh1 Nc7 37 Nxg7 $4  
(37 Nd6 $1 Nxe6 38 Nxe8 Nf8 39 Qc5 Qxc5 40 dxc5 Rxb2 41 c6 Rxh2+ 42 Kg1 Rc2 43 Rb1 $18)
37 ..Rg8 38 Ne6 Nxe6 39 fxe6 Qxd4 40 Qh6 
{and our man Jan sat back with a smile on his face admiring his handy work, thinking that Van Wely can't stop him winning as 40 ..Rg7 is met by 41 Bxh7! However... }
40 ..Ra7 
{not only stopping the threats to h7, but also lining up the possibility of Rag7 mating on g1! With the only way to prevent this is the exchange of queens with Qe3, so white is well and truly busted...and gutted by Jan's reaction at the end! }
0-1

[Event "GMA"]
[Site "Wijk aan Zee NED"]
[Date "2004.01.14"]
[Round "4"]
[White "Kramnik,V"]
[Black "Svidler,P"]
[Result "1-0"]
[WhiteElo "2777"]
[BlackElo "2747"]
[EventDate "2004.01.10"]
[Annotator "Henderson"]

1. e4 c5 2. Nf3 d6 3. d4 cxd4 4. Nxd4 Nf6 5. Nc3 a6 6. Bg5 e6 7. f4 Qb6 8.
Qd2 Nc6 9. O-O-O Qxd4 10. Qxd4 Nxd4 11. Rxd4 Be7 12. Na4 Bd7 13. Nb6 Rd8
14. Nxd7 Rxd7 15. Be2 h6 16. Bh4 Nh5 17. Bxh5 Bxh4 18. Rhd1 Bf2 19. R4d3
Ke7 20. Kb1 Rc8 21. Bg4 Rc4 22. Bf3 g6 23. b3 Rcc7 24. Be2 Rd8 25. g4 Bc5
26. Rh3 Rh8 27. Kb2 Rcc8 28. a3 Rcd8 29. b4 Bf2 30. a4 d5 31. Rf3 Bb6 32.
exd5 Rxd5 33. Rxd5 exd5 34. Rd3 Bc7 35. Bf3 Bxf4 36. h3 b6 37. Kb3 Kf6 38.
Bxd5 Re8 39. c3 a5 40. bxa5 bxa5 41. Rf3 g5 42. Kc4 Re3 43. Rxe3 Bxe3 44.
Kb5 Ke5 45. Bxf7 Kd6 46. c4 Bf2 47. Be8 Ke7 48. Bc6 Kd6 49. Bb7
{
For much of the middlegame Kramnik had nurtured - as only big Vlady can - a miniscule edge, converting it into a opposite coloured bishop ending where he had an extra pawn. I don't know about you, but I was always brought up to believe that such endings should be played out as invariably they are all drawn. 
The result of 1-0 went up, and both players hastily left the playing hall. No one really thought much of this and just accepted it at face value from two of the strongest Russian GMs in the world that it was indeed just a win. After all, Herr Fritzy believed it was a win, so why shouldn't it be? The alarm bells only started ringing in the press room with the arrival of Vishy Anand. He took one look at the monitor with the final position and the result, and immediately declared that the result must be wrong as it was an "easily" drawn position. Easy for him, but for us poor hacks and Herr Fritzy, it was certainly far from clear. 
But Anand was adamant that the result must be wrong. We immediately asked Tournament Director Jeroen van den Berg if he could check the result with the arbiter at the hotel. Sure enough, the arbiter confirmed that the scoresheet had been singed by both players as "1-0". Perplexed by it all, I decided to make my way back to the hotel. On arrival, I spotted big Vlady heading out the door for his habitual evening walk and asked him what had happened. "Well, of course it was all very embarrassing," said Vlady, "poor Peter had simply resigned in a drawn position!" 
Vlady then explained that Svidler had made all the only moves up to the final position that would have secured a draw, and then simply resigned. 
"Of course, it gives me no joy winning in such a manner," he added. "I was totally confused when he held his hand out. For a very brief moment I thought he was agreeing to a draw - then suddenly I realised I hadn't offered him one and he was actually resigning! There was nothing I could do under such circumstances." 
Back at the hotel, it was suddenly sinking in on poor Peter what he had done. The next day at breakfast, he was still shaking his head in disbelief and also remembering how he had done something similar playing Vishy Anand at the Dos Hermanas tournament of 1999, when he agreed a draw in a totally won ending! "Why me?," mumbled Peter. "Once, perhaps. But twice?" 
There seems to be many top players following this saga on the ICC, such as Alexander Grischuk (who should really have been invited to this tournament) and Jon Speelman who have claimed to have found a win for white in the final position. However, according to Messers Kramnik, Anand and Svidler, it is actually a draw. }
(49. Bb7 Kc7 50 Bd5 (50 Ba6 Kd6 51 Kxa5 Be3 52 Bb5 Bf2 53 Ka6 (53 Kb4 Be3 54 Kc3 Bb6 55 Kd3 Ke5 $1) 53 ..Kc7) 50 ..Kd6 51 Kxa5 Kc5 52 Ka6 Kb4 53 a5 Bc5 54 Bf7 Bf2 55 Be6 Bc5 56 Bg8 Be3 {all should draw.
The simplest explanation how to draw came from Anand: "Basically, all black has to do is to keep the bishop on the a7-g1 diagonal. And, whenever the white king attempts to cross [for example via Ka6 to b7], the black king goes to c7 to prevent this. And, if white goes with his king to d3, black [while still keeping the bishop on the a7-g1 diagonal] immediately answers with Ke5, again preventing the king crossing." So there you have it! }
1-0